<?xml version="1.0" encoding="UTF-8"?>
<collection xmlns:xsi="http://www.w3.org/2001/XMLSchema-instance" xsi:schemaLocation="http://www.loc.gov/MARC21/slim http://www.loc.gov/standards/marcxml/schema/MARC21slim.xsd" xmlns="http://www.loc.gov/MARC21/slim">
 <record>
  <leader>00000nam a2200000 i 4500</leader>
  <controlfield tag="001">UP-1686042739785013073</controlfield>
  <controlfield tag="003">Buklod</controlfield>
  <controlfield tag="005">20240527095207.0</controlfield>
  <controlfield tag="006">m     |  | |      </controlfield>
  <controlfield tag="007">ta</controlfield>
  <controlfield tag="008">240527s2023    enk     r    |001 d|eng d</controlfield>
  <datafield tag="020" ind1=" " ind2=" ">
   <subfield code="a">9781350282209 (PB)</subfield>
  </datafield>
  <datafield tag="035" ind1=" " ind2=" ">
   <subfield code="a">22715573</subfield>
  </datafield>
  <datafield tag="037" ind1=" " ind2=" ">
   <subfield code="a">BC-74990</subfield>
   <subfield code="b">SERV Enterprises</subfield>
   <subfield code="c">Php2,093.00</subfield>
   <subfield code="n">Department of Language, Literature, and the Arts</subfield>
  </datafield>
  <datafield tag="040" ind1=" " ind2=" ">
   <subfield code="a">DLC</subfield>
   <subfield code="d">BAG</subfield>
   <subfield code="e">rda</subfield>
  </datafield>
  <datafield tag="041" ind1="0" ind2=" ">
   <subfield code="a">eng</subfield>
  </datafield>
  <datafield tag="090" ind1=" " ind2="0">
   <subfield code="a">PN 2053</subfield>
   <subfield code="b">M43 2023</subfield>
  </datafield>
  <datafield tag="100" ind1="1" ind2=" ">
   <subfield code="a">Meckler, Nancy</subfield>
   <subfield code="e">author.</subfield>
  </datafield>
  <datafield tag="245" ind1="1" ind2="0">
   <subfield code="a">Notes from the rehearsal room</subfield>
   <subfield code="b">a director's process</subfield>
   <subfield code="c">Nancy Meckler.</subfield>
  </datafield>
  <datafield tag="264" ind1=" " ind2="1">
   <subfield code="a">London, UK</subfield>
   <subfield code="b">Methuen Drama</subfield>
   <subfield code="c">2023.</subfield>
  </datafield>
  <datafield tag="300" ind1=" " ind2=" ">
   <subfield code="a">159 pages </subfield>
   <subfield code="c">20 cm</subfield>
  </datafield>
  <datafield tag="336" ind1=" " ind2=" ">
   <subfield code="a">text</subfield>
   <subfield code="2">rdacontent</subfield>
  </datafield>
  <datafield tag="337" ind1=" " ind2=" ">
   <subfield code="a">unmediated</subfield>
   <subfield code="2">rdamedia</subfield>
  </datafield>
  <datafield tag="338" ind1=" " ind2=" ">
   <subfield code="a">volume</subfield>
   <subfield code="2">rdacarrie</subfield>
  </datafield>
  <datafield tag="490" ind1="0" ind2=" ">
   <subfield code="a">Theatre Makers</subfield>
  </datafield>
  <datafield tag="500" ind1=" " ind2=" ">
   <subfield code="a">Includes index.</subfield>
  </datafield>
  <datafield tag="505" ind1="0" ind2=" ">
   <subfield code="a">Preparation -- The concept -- Keystones -- Improvisation -- Rehearsal process -- The mystery of comedy -- Collaboration -- Discovering physical theatre and working in different mediums -- Epilogue.</subfield>
  </datafield>
  <datafield tag="520" ind1=" " ind2=" ">
   <subfield code="a">&quot;Renowned theatre and film director Nancy Meckler delves into her hugely varied experiences in the rehearsal room and shares examples of some of her tried-and-tested &quot;tools&quot; that she utilises when bringing a play to life. Meckler encourages you to interrogate, play, experiment and to use her methods as a starting point to begin creating your own unique directing toolkit. This book therefore is not intended to offer a singular step-by-step process, but to empower you to find your own style. The examples are drawn from her experience directing a range of work from classic plays, including work by Chekov, Brecht and Shakespeare, to new writing, including work by Pam Gems and Sam Shephard, and in a wide range of renowned theatres, including the RSC, National Theatre, Royal Court and a number of the UK's regional theatres. Drawing on her methods of improvisation, interrogation and exploration, Meckler details how she approaches: text concept creative design elements actors ensemble genre relationships with designers designing for a specific space casting process rehearsal scheduling working with contemporary and first-time writers working on comedy ... among many other areas. She offers specific techniques along with practical guidance to complement a director's work at any stage of their career. The author's approachable and relatable writing style enables an in-depth look into how she works with actors and the many ways in which she may approach a new project while also providing us with a unique insight into her own wealth of experience over a remarkable career as an award-winning and internationally celebrated director&quot;--Provided by publisher.</subfield>
  </datafield>
  <datafield tag="650" ind1=" " ind2="0">
   <subfield code="a">Theater</subfield>
   <subfield code="x">Production and direction.</subfield>
  </datafield>
  <datafield tag="905" ind1=" " ind2=" ">
   <subfield code="a">FO</subfield>
  </datafield>
  <datafield tag="852" ind1="0" ind2=" ">
   <subfield code="a">UPBAG</subfield>
   <subfield code="b">UPBAG-MAIN</subfield>
   <subfield code="h">PN 2053</subfield>
   <subfield code="i">M43 2023</subfield>
  </datafield>
  <datafield tag="942" ind1=" " ind2=" ">
   <subfield code="a">Book</subfield>
  </datafield>
 </record>
</collection>
